| 000 | 00791nam a2200217 a 4500 | ||
|---|---|---|---|
| 001 | 000045095 | ||
| 005 | 20201002045855.0 | ||
| 008 | 150202s1976 sp 000 0 spa d | ||
| 020 | _a8426528007 | ||
| 040 |
_aDO-SdBNP _bspa _cBNPHU |
||
| 082 |
_axxxx _bxxxx |
||
| 100 | 1 |
_aBurke, Richard C. _973114 |
|
| 245 | 1 | 3 |
_aEl uso de la radio en la alfabetización de adultos / _cRichard C. Burke. |
| 260 |
_aMadrid : _bMagisterio Español, _c1976. |
||
| 300 |
_a157 p. ; _c19 cm. |
||
| 490 | 1 |
_aOficina de Educación Iberoamericana _v12 |
|
| 490 | 1 |
_aMonografías sobre alfabetización _v1 |
|
| 500 | _aIncluye referencias bibliográficas y notas al pie de las páginas. | ||
| 830 | 0 |
_aOficina de Educación Iberoamericana ; _n12 _973115 |
|
| 830 | 0 |
_aMonografías sobre alfabetización ; _n1 _973116 |
|
| 999 |
_c44584 _d44584 |
||